| 000 | 00645nam a22001457a 4500 | ||
|---|---|---|---|
| 003 | MACL | ||
| 005 | 20200228165253.0 | ||
| 008 | 200228b xxu||||| |||| 00| 0 eng d | ||
| 040 | _cMACL | ||
| 100 |
_aसिंह रवि शेखर _978489 |
||
| 245 | _aभारतीय राष्ट्रीय आन्दोलन में हिन्दुस्तान रिपब्लिकन एसोसिएशन की भूमिका 1924-1937 | ||
| 260 |
_aवाराणसी _bविश्वविद्यालय प्रकाशन _c2017 |
||
| 650 |
_aइतिहास _978490 |
||
| 942 |
_2ddc _cHIN |
||
| 999 |
_c62264 _d62264 |
||